Statistics for Државе Европе након Другог светског рата

Click here to take the quiz!

General Stats

  • This quiz has been taken 412 times
  • The average score is 30 of 32

Answers on the Map

Answers color-coded by a green-red scale on the quiz's map according to % correct below.
 

Answer Stats

Држава% Correct
Италија
99%
Шпанија
98%
Француска
98%
Уједињено Краљевство
98%
Португал
97%
Грчка
97%
Југославија
97%
Румунија
96%
Пољска
96%
Норвешка
96%
Албанија
96%
Бугарска
96%
Аустрија
95%
Мађарска
95%
Шведска
94%
Швајцарска
94%
Данска
94%
Финска
94%
Ирска
94%
Совјетски Савез
93%
Исланд
92%
Белгија
92%
Холандија
90%
Андора
89%
Ватикан
89%
Сан Марино
89%
Луксембург
88%
Чехословачка
87%
Лихтенштајн
85%
Монако
85%
Западна Немачка
84%
Источна Немачка
83%

Score Distribution

Percentile by Number Answered

Percent of People with Each Score

Your Score History

You have not taken this quiz